[Event "Pretoria Capablanca A"]
[Site "Pretoria"]
[Date "2018.04.29"]
[Round "6"]
[White "Nesimeye, Okuma Ejomafuvwe"]
[Black "Stevanovic, Nedjo"]
[Result "1-0"]
[WhiteElo "2024"]
[BlackElo "2034"]
[PlyCount "31"]
[EventDate "2018.04.26"]
[EventType "tourn"]
[EventRounds "9"]
[EventCountry "RSA"]
[SourceTitle "CBM 184 Extra"]
[Source "ChessBase"]
[SourceDate "2018.06.28"]
[SourceVersion "1"]
[SourceVersionDate "2018.06.28"]
[SourceQuality "1"]

1. c4 e5 2. g3 Nf6 3. Bg2 Nc6 4. Nf3 d5 5. cxd5 Nxd5 6. 0-0 Nb6 7. b3 Be7 8. Bb2 Bf6 9. Nc3 Bf5 10. d3 Nd4 11. Nd2 c6 12. Nde4 Be7 13. e3 Ne6 14. Ne2 Qc7 15. h3 Rd8 16. Qc2 1-0